000 01225cam a2200253 a 4500
001 13719571
005 20160802161056.0
008 040915s2005 nyu c 000 1 eng
010 _a 2004113550
020 _a0060764902 (pbk.)
040 _aPACU
_cPACU
_beng
050 0 0 _aPZ7.L58474
_bMag 2005
100 1 _aLewis, C. S.
_q(Clive Staples),
_d1898-1963.
245 1 4 _aThe magician's nephew /
_cC. S. Lewis.
260 _aNew York, NY :
_bHarperCollins,
_c2005.
300 _a219 p., 38 p. ;
_c21 cm.
490 1 _aThe chronicles of Narnia ;
_vbk. 1
500 _aIncludes chapter one from The lion, the witch and the wardrobe, excerpts from Beyond the wardrobe, and reading group guide to The magician's nephew.
520 _aWhen Digory and Polly try to return the wicked witch Jadis to her own world, the magic gets mixed up and they all land in Narnia where they witness Aslan blessing the animals with human speech.
650 1 _aFantasy.
800 1 _aLewis, C. S.
_q(Clive Staples),
_d1898-1963.
_tChronicles of Narnia (HarperCollins (Firm)) ;
_vbk. 1.
856 4 2 _3Publisher description
_uhttp://www.loc.gov/catdir/enhancements/fy0633/2004113550-d.html
942 _2lcc
_cE-BK
_hPZ7
_i.L58474
_k2005
999 _c28533
_d28533